000 00465nam a2200169Ia 4500
001 23153
003 IN-NITTTR
005 20251114233300.0
008 251113s9999||||xx |||||||||||||| ||eng||
040 _beng
040 _cIN-NITTTR
041 _aeng
082 _a621.391 B759I
100 _aBrey, Barry B
245 0 _aIntel microprocessors 8086/8088,80186,80286,80386, and 80486 architecture, programming, and interfacing /
_cBrey, Barry B
942 _2ddc
_cBK
999 _c25782
_d25782